| 000 | 00887cam a22002897a 4500 | ||
|---|---|---|---|
| 003 | CHAP | ||
| 005 | 20220329133257.0 | ||
| 008 | 971013s1989 r 00010 d | ||
| 010 | _a4185 | ||
| 011 | _a5157 | ||
| 035 | _a4363 | ||
| 040 | _cCHAP | ||
| 090 | _aFolleto 13569 | ||
| 100 | 0 | 0 |
_aArizona Agricultural Statistics Service. _97137 |
| 245 | 0 |
_aArizona agricultural statistics _b: 1988 |
|
| 260 |
_aPhoenix, Arizona : _bArizona Agricultural Statistics Service _c1989 |
||
| 300 |
_a108 p. _b; gráfs |
||
| 500 | _aD53-18 | ||
| 590 |
_aBATCH-UPD _b10 _c20130110 _lUCH01 _h2116 |
||
| 590 |
_aBATCH-UPD _b10 _c20130410 _lUCH01 _h1426 |
||
| 590 |
_aCONVERSION _b10 _c20130109 _lUCH01 _h1303 |
||
| 650 | 1 | 4 |
_aAgricultura _xArizona. _91193 |
| 650 | 1 | 4 |
_aAgricultura _xEstadisticas _xArizona. _91422 |
| 901 | _aBK | ||
| 942 | _cFOLL | ||
| 949 |
_aFolleto 13569 _bBC _cFOLL _d-13901 _eTS1 _i4363 _si |
||
| 999 |
_c4185 _d4185 |
||